| 000 | 00629nam a22001937a 4500 | ||
|---|---|---|---|
| 999 |
_c18267 _d18267 |
||
| 003 | AR-CdUCM | ||
| 008 | 190513b ||||| |||| 00| 0 spa d | ||
| 040 |
_aMUNICIPALIDAD PROVINCIAL DEL CUSCO _cBIBLIOTECA MUNICIPAL DEL CUSCO |
||
| 082 |
_a927.8 / _bM99 |
||
| 100 |
_aMuñoz Pérez, Antonio _938760 |
||
| 245 |
_aJ. S. Bach : _bSu vida y sus obras / |
||
| 260 |
_aParis : _bHispano-Americana, |
||
| 300 |
_a182 paginas ; _bIlustraciones, retratos, _c19 cm. |
||
| 505 | _aContenido :. S. Bach su vida y obras / | ||
| 650 |
_aBiografia _9437 |
||
| 650 |
_aBibliografia _9345 |
||
| 942 |
_2ddc _cLIBROS |
||
| 945 |
_arjall _d2019-05-13 |
||